|
|
|
|
| LEADER |
00000cam a2200000 7i4500 |
| 001 |
0000002682 |
| 005 |
20220105103937.0 |
| 008 |
070716 |
| 020 |
|
|
|a 074604853X
|
| 090 |
0 |
0 |
|a JP
|b AD ENG (2417)
|
| 100 |
1 |
|
|a Everett, Felicity
|
| 245 |
1 |
4 |
|a The clumsy Crocodile
|c Felicity Everett;Adapted by Rebecca Treays:Illustrated by Alex de Wolf
|
| 260 |
|
|
|a Usborne :
|b India ,
|c 2004
|
| 440 |
|
|
|a Usborne young reading:Series Two
|
| 500 |
|
|
|a Children age 4-6 years old (yellow)
|
| 650 |
|
0 |
|a Adventure
|x Fiction
|
| 700 |
0 |
|
|a Sims, Lesley
|
| 700 |
0 |
|
|a Treays, Rebecca
|
| 700 |
0 |
|
|a Wolf, Alex de
|
| 999 |
|
|
|a 0000895988
|b Book
|c Children Collection
|e Cawangan Bandar Penawar
|
| 999 |
|
|
|a 0000895994
|b Book
|c Children Collection
|e Cawangan Pontian
|
| 999 |
|
|
|a 0000966136
|b Book
|c Children Collection
|e Cawangan Bandar Penawar
|
| 999 |
|
|
|a 0000966137
|b Book
|c Children Collection
|e Cawangan Bandar Tenggara
|
| 999 |
|
|
|a 0000966139
|b Book
|c Children Collection
|e Perbadanan Perpustakaan Awam Johor
|
| 999 |
|
|
|a 0000966140
|b Book
|c Children Collection
|e Cawangan Taman Universiti
|
| 999 |
|
|
|a 0001147266
|b Book
|c Children Collection
|e Cawangan Pontian
|
| 999 |
|
|
|a 000895995
|b Book
|c Children Collection
|e Cawangan Batu Pahat
|